| 000 | 00664nam a2200205 a 4500 | ||
|---|---|---|---|
| 003 | OSt | ||
| 005 | 20240227092414.0 | ||
| 008 | 180419t2008 xxu||||| |||| 00| 0 urd d | ||
| 020 | _a9789698957308 | ||
| 040 | _c0 | ||
| 082 |
_a923.1549 _bAJE 2008 |
||
| 100 | 1 | 0 |
_aاجيت جاويد _99904 |
| 245 | 1 | 0 |
_aوطن پرست اورسيکولرجناح _cAjeet Javaid |
| 246 | _aWatan Parast Aur Secular Jinnah | ||
| 260 |
_aLahore: _bSanjh Pub; _c2008. |
||
| 300 | _a320 p.: | ||
| 650 |
_aJennah,Muhammad Ali _zPakistan _9121357 |
||
| 942 |
_2ddc _cBK _aSADA _k923.1549 AJE 2008 |
||
| 999 |
_c608270 _d608270 |
||